| 000 | 00832cab a22001935a 4500 | ||
|---|---|---|---|
| 001 | L144212 | ||
| 008 | 080703e20080613xxka f s 000 0 eng d | ||
| 035 | _a(Sirsi) u144212 | ||
| 041 | 0 | _aeng | |
| 100 | 1 | _aLazenby, Mark | |
| 245 | 0 | 0 | _aSteep descent |
| 260 | _c2008 | ||
| 490 |
_aInside Housing _v13 June 2008, 28-29(2) |
||
| 520 | _aArticle discusses the fact that the Government's house building targets are looking less attainable in the wake of the credit crunch. Details the fall in profits for several major house builders and states that there could be other significant impacts of a lack of funding in the housing market, including threats to the Government target of having carbon neutral construction by 2016. | ||
| 590 | _aKA | ||
| 651 | 4 |
_aUnited Kingdom _y |
|
| 690 |
_aResidential property _96266 |
||
| 942 | _n0 | ||
| 999 |
_c80391 _d80391 |
||